<?xml version="1.0" encoding="UTF-8"?>
<record
    xmlns:xsi="http://www.w3.org/2001/XMLSchema-instance"
    xsi:schemaLocation="http://www.loc.gov/MARC21/slim http://www.loc.gov/standards/marcxml/schema/MARC21slim.xsd"
    xmlns="http://www.loc.gov/MARC21/slim">

  <leader>00407nam a22001577a 4500</leader>
  <controlfield tag="003">OSt</controlfield>
  <controlfield tag="005">20231212070152.0</controlfield>
  <controlfield tag="008">221212b        xxu||||| |||| 00| 0 eng d</controlfield>
  <datafield tag="020" ind1=" " ind2=" ">
    <subfield code="a">0-19-949927-6</subfield>
  </datafield>
  <datafield tag="040" ind1=" " ind2=" ">
    <subfield code="c">IIMT UNIVERSITY MEERUT</subfield>
  </datafield>
  <datafield tag="100" ind1=" " ind2=" ">
    <subfield code="a">THAREJA, REEMA</subfield>
  </datafield>
  <datafield tag="245" ind1=" " ind2=" ">
    <subfield code="a">FUNDAMENTALS OF COMPUTERS</subfield>
  </datafield>
  <datafield tag="260" ind1=" " ind2=" ">
    <subfield code="a">NEW DELHI</subfield>
    <subfield code="b">OXFORD UNIVERSITY PRESS</subfield>
    <subfield code="c">2022</subfield>
  </datafield>
  <datafield tag="300" ind1=" " ind2=" ">
    <subfield code="a">287</subfield>
  </datafield>
  <datafield tag="942" ind1=" " ind2=" ">
    <subfield code="2">ddc</subfield>
    <subfield code="c">01</subfield>
    <subfield code="e">2 EDITION</subfield>
  </datafield>
  <datafield tag="999" ind1=" " ind2=" ">
    <subfield code="c">56175</subfield>
    <subfield code="d">56175</subfield>
  </datafield>
  <datafield tag="952" ind1=" " ind2=" ">
    <subfield code="0">0</subfield>
    <subfield code="1">0</subfield>
    <subfield code="2">ddc</subfield>
    <subfield code="4">0</subfield>
    <subfield code="7">0</subfield>
    <subfield code="a">01</subfield>
    <subfield code="b">01</subfield>
    <subfield code="d">2022-12-12</subfield>
    <subfield code="g">495.00</subfield>
    <subfield code="i">HO/IN/130</subfield>
    <subfield code="l">2</subfield>
    <subfield code="o">004 THA</subfield>
    <subfield code="p">01-B-138659</subfield>
    <subfield code="r">2025-05-05</subfield>
    <subfield code="s">2025-05-02</subfield>
    <subfield code="u">COMPUTER SCIENCE</subfield>
    <subfield code="w">2022-12-06</subfield>
    <subfield code="y">02</subfield>
  </datafield>
  <datafield tag="952" ind1=" " ind2=" ">
    <subfield code="0">0</subfield>
    <subfield code="1">0</subfield>
    <subfield code="2">ddc</subfield>
    <subfield code="4">0</subfield>
    <subfield code="7">0</subfield>
    <subfield code="a">01</subfield>
    <subfield code="b">01</subfield>
    <subfield code="d">2022-12-12</subfield>
    <subfield code="g">495.00</subfield>
    <subfield code="i">HO/IN/130</subfield>
    <subfield code="o">004 THA</subfield>
    <subfield code="p">01-B-138660</subfield>
    <subfield code="r">2022-12-12</subfield>
    <subfield code="u">COMPUTER SCIENCE</subfield>
    <subfield code="w">2022-12-06</subfield>
    <subfield code="y">01</subfield>
  </datafield>
  <datafield tag="952" ind1=" " ind2=" ">
    <subfield code="0">0</subfield>
    <subfield code="1">0</subfield>
    <subfield code="2">ddc</subfield>
    <subfield code="4">0</subfield>
    <subfield code="7">0</subfield>
    <subfield code="a">01</subfield>
    <subfield code="b">01</subfield>
    <subfield code="d">2022-12-12</subfield>
    <subfield code="g">495.00</subfield>
    <subfield code="i">HO/IN/130</subfield>
    <subfield code="o">004 THA</subfield>
    <subfield code="p">01-B-138661</subfield>
    <subfield code="r">2022-12-12</subfield>
    <subfield code="u">COMPUTER SCIENCE</subfield>
    <subfield code="w">2022-12-06</subfield>
    <subfield code="y">01</subfield>
  </datafield>
  <datafield tag="952" ind1=" " ind2=" ">
    <subfield code="0">0</subfield>
    <subfield code="1">0</subfield>
    <subfield code="2">ddc</subfield>
    <subfield code="4">0</subfield>
    <subfield code="7">0</subfield>
    <subfield code="a">01</subfield>
    <subfield code="b">01</subfield>
    <subfield code="d">2022-12-12</subfield>
    <subfield code="g">495.00</subfield>
    <subfield code="i">HO/IN/130</subfield>
    <subfield code="l">2</subfield>
    <subfield code="o">004 THA</subfield>
    <subfield code="p">01-B-138662</subfield>
    <subfield code="r">2024-02-21</subfield>
    <subfield code="s">2023-10-26</subfield>
    <subfield code="u">COMPUTER SCIENCE</subfield>
    <subfield code="w">2022-12-06</subfield>
    <subfield code="y">02</subfield>
  </datafield>
  <datafield tag="952" ind1=" " ind2=" ">
    <subfield code="0">0</subfield>
    <subfield code="1">0</subfield>
    <subfield code="2">ddc</subfield>
    <subfield code="4">0</subfield>
    <subfield code="7">0</subfield>
    <subfield code="a">01</subfield>
    <subfield code="b">01</subfield>
    <subfield code="d">2022-12-12</subfield>
    <subfield code="g">495.00</subfield>
    <subfield code="i">HO/IN/130</subfield>
    <subfield code="o">004 THA</subfield>
    <subfield code="p">01-B-138663</subfield>
    <subfield code="r">2022-12-12</subfield>
    <subfield code="u">COMPUTER SCIENCE</subfield>
    <subfield code="w">2022-12-06</subfield>
    <subfield code="y">01</subfield>
  </datafield>
  <datafield tag="952" ind1=" " ind2=" ">
    <subfield code="0">0</subfield>
    <subfield code="1">0</subfield>
    <subfield code="2">ddc</subfield>
    <subfield code="4">0</subfield>
    <subfield code="7">0</subfield>
    <subfield code="a">01</subfield>
    <subfield code="b">01</subfield>
    <subfield code="d">2022-12-12</subfield>
    <subfield code="g">495.00</subfield>
    <subfield code="i">HO/IN/130</subfield>
    <subfield code="o">004 THA</subfield>
    <subfield code="p">01-B-138664</subfield>
    <subfield code="r">2022-12-12</subfield>
    <subfield code="u">COMPUTER SCIENCE</subfield>
    <subfield code="w">2022-12-06</subfield>
    <subfield code="y">01</subfield>
  </datafield>
  <datafield tag="952" ind1=" " ind2=" ">
    <subfield code="0">0</subfield>
    <subfield code="1">0</subfield>
    <subfield code="2">ddc</subfield>
    <subfield code="4">0</subfield>
    <subfield code="7">0</subfield>
    <subfield code="a">01</subfield>
    <subfield code="b">01</subfield>
    <subfield code="d">2022-12-12</subfield>
    <subfield code="g">495.00</subfield>
    <subfield code="i">HO/IN/130</subfield>
    <subfield code="o">004 THA</subfield>
    <subfield code="p">01-B-138665</subfield>
    <subfield code="r">2022-12-12</subfield>
    <subfield code="u">COMPUTER SCIENCE</subfield>
    <subfield code="w">2022-12-06</subfield>
    <subfield code="y">01</subfield>
  </datafield>
  <datafield tag="952" ind1=" " ind2=" ">
    <subfield code="0">0</subfield>
    <subfield code="1">0</subfield>
    <subfield code="2">ddc</subfield>
    <subfield code="4">0</subfield>
    <subfield code="7">0</subfield>
    <subfield code="a">01</subfield>
    <subfield code="b">01</subfield>
    <subfield code="d">2022-12-12</subfield>
    <subfield code="g">495.00</subfield>
    <subfield code="i">HO/IN/130</subfield>
    <subfield code="o">004 THA</subfield>
    <subfield code="p">01-B-138666</subfield>
    <subfield code="r">2022-12-12</subfield>
    <subfield code="u">COMPUTER SCIENCE</subfield>
    <subfield code="w">2022-12-06</subfield>
    <subfield code="y">01</subfield>
  </datafield>
  <datafield tag="952" ind1=" " ind2=" ">
    <subfield code="0">0</subfield>
    <subfield code="1">0</subfield>
    <subfield code="2">ddc</subfield>
    <subfield code="4">0</subfield>
    <subfield code="7">0</subfield>
    <subfield code="a">01</subfield>
    <subfield code="b">01</subfield>
    <subfield code="d">2022-12-12</subfield>
    <subfield code="g">495.00</subfield>
    <subfield code="i">HO/IN/130</subfield>
    <subfield code="l">1</subfield>
    <subfield code="o">004 THA</subfield>
    <subfield code="p">01-B-138667</subfield>
    <subfield code="r">2024-10-24</subfield>
    <subfield code="s">2024-10-18</subfield>
    <subfield code="u">COMPUTER SCIENCE</subfield>
    <subfield code="w">2022-12-06</subfield>
    <subfield code="y">01</subfield>
  </datafield>
  <datafield tag="952" ind1=" " ind2=" ">
    <subfield code="0">0</subfield>
    <subfield code="1">0</subfield>
    <subfield code="2">ddc</subfield>
    <subfield code="4">0</subfield>
    <subfield code="7">0</subfield>
    <subfield code="a">01</subfield>
    <subfield code="b">01</subfield>
    <subfield code="d">2022-12-12</subfield>
    <subfield code="g">495.00</subfield>
    <subfield code="i">HO/IN/130</subfield>
    <subfield code="o">004 THA</subfield>
    <subfield code="p">01-B-138668</subfield>
    <subfield code="r">2022-12-12</subfield>
    <subfield code="u">COMPUTER SCIENCE</subfield>
    <subfield code="w">2022-12-06</subfield>
    <subfield code="y">01</subfield>
  </datafield>
  <datafield tag="952" ind1=" " ind2=" ">
    <subfield code="0">0</subfield>
    <subfield code="1">0</subfield>
    <subfield code="2">ddc</subfield>
    <subfield code="4">0</subfield>
    <subfield code="7">0</subfield>
    <subfield code="a">01</subfield>
    <subfield code="b">01</subfield>
    <subfield code="d">2022-12-12</subfield>
    <subfield code="g">495.00</subfield>
    <subfield code="i">HO/IN/130</subfield>
    <subfield code="l">1</subfield>
    <subfield code="o">004 THA</subfield>
    <subfield code="p">01-B-138669</subfield>
    <subfield code="r">2026-02-12</subfield>
    <subfield code="s">2025-10-30</subfield>
    <subfield code="u">COMPUTER SCIENCE</subfield>
    <subfield code="w">2022-12-06</subfield>
    <subfield code="y">01</subfield>
  </datafield>
  <datafield tag="952" ind1=" " ind2=" ">
    <subfield code="0">0</subfield>
    <subfield code="1">0</subfield>
    <subfield code="2">ddc</subfield>
    <subfield code="4">0</subfield>
    <subfield code="7">0</subfield>
    <subfield code="a">01</subfield>
    <subfield code="b">01</subfield>
    <subfield code="d">2022-12-12</subfield>
    <subfield code="g">495.00</subfield>
    <subfield code="i">HO/IN/130</subfield>
    <subfield code="l">2</subfield>
    <subfield code="o">004 THA</subfield>
    <subfield code="p">01-B-138670</subfield>
    <subfield code="r">2025-01-25</subfield>
    <subfield code="s">2024-10-04</subfield>
    <subfield code="u">COMPUTER SCIENCE</subfield>
    <subfield code="w">2022-12-06</subfield>
    <subfield code="y">01</subfield>
  </datafield>
  <datafield tag="952" ind1=" " ind2=" ">
    <subfield code="0">0</subfield>
    <subfield code="1">0</subfield>
    <subfield code="2">ddc</subfield>
    <subfield code="4">0</subfield>
    <subfield code="7">0</subfield>
    <subfield code="a">01</subfield>
    <subfield code="b">01</subfield>
    <subfield code="d">2022-12-12</subfield>
    <subfield code="g">495.00</subfield>
    <subfield code="i">HO/IN/130</subfield>
    <subfield code="o">004 THA</subfield>
    <subfield code="p">01-B-138671</subfield>
    <subfield code="r">2022-12-12</subfield>
    <subfield code="u">COMPUTER SCIENCE</subfield>
    <subfield code="w">2022-12-06</subfield>
    <subfield code="y">01</subfield>
  </datafield>
  <datafield tag="952" ind1=" " ind2=" ">
    <subfield code="0">0</subfield>
    <subfield code="1">0</subfield>
    <subfield code="2">ddc</subfield>
    <subfield code="4">0</subfield>
    <subfield code="7">0</subfield>
    <subfield code="a">01</subfield>
    <subfield code="b">01</subfield>
    <subfield code="d">2022-12-12</subfield>
    <subfield code="g">495.00</subfield>
    <subfield code="i">HO/IN/130</subfield>
    <subfield code="o">004 THA</subfield>
    <subfield code="p">01-B-138672</subfield>
    <subfield code="r">2022-12-12</subfield>
    <subfield code="u">COMPUTER SCIENCE</subfield>
    <subfield code="w">2022-12-06</subfield>
    <subfield code="y">01</subfield>
  </datafield>
  <datafield tag="952" ind1=" " ind2=" ">
    <subfield code="0">0</subfield>
    <subfield code="1">0</subfield>
    <subfield code="2">ddc</subfield>
    <subfield code="4">0</subfield>
    <subfield code="7">0</subfield>
    <subfield code="a">01</subfield>
    <subfield code="b">01</subfield>
    <subfield code="d">2022-12-12</subfield>
    <subfield code="g">495.00</subfield>
    <subfield code="i">HO/IN/130</subfield>
    <subfield code="o">004 THA</subfield>
    <subfield code="p">01-B-138673</subfield>
    <subfield code="r">2022-12-12</subfield>
    <subfield code="u">COMPUTER SCIENCE</subfield>
    <subfield code="w">2022-12-06</subfield>
    <subfield code="y">01</subfield>
  </datafield>
</record>
